Bytová politika v podmínkách tržní ekonomiky.

Kritika bytovej politiky v "socialistickom" hospodárení. Nevyhnutnosť vypracovania novej koncepcie bytovej politiky. Dve etapy spracovania novej koncepcie. V prvej etape sa riešia zásady radikálnej reformy bytovej politiky, vytváranie predpokladov pre uplatnenie trhu bytov, ktoré sa majú prejednať v...

ver descrição completa

Na minha lista:
Detalhes bibliográficos
Autor principal: Karen, O.
Formato: Capítulo de Livro
Idioma:tcheco
Assuntos:
Tags: Adicionar Tag
Sem tags, seja o primeiro a adicionar uma tag!

MARC

LEADER 00000naa a2200000 4500
001 r001699
005 20220927122915.4
041 0 |a cze 
044 |a [CS] 
245 1 0 |a Bytová politika v podmínkách tržní ekonomiky.  |c O. Karen 
520 |a Kritika bytovej politiky v "socialistickom" hospodárení. Nevyhnutnosť vypracovania novej koncepcie bytovej politiky. Dve etapy spracovania novej koncepcie. V prvej etape sa riešia zásady radikálnej reformy bytovej politiky, vytváranie predpokladov pre uplatnenie trhu bytov, ktoré sa majú prejednať vo vládach do konca roka 1991. Predpokladané zmeny v oblasti nájomného. Sociálna záchranná sieť pre sociálne slabých občanov. 
610 2 0 |a byty 
610 2 0 |a koncepcie 
610 2 0 |a trh 
610 2 0 |a nájomné 
610 2 0 |a politika sociálna 
610 2 0 |a ČSFR 
610 2 0 |a hospodárstvo trhové 
100 1 |a Karen, O.